MARC

LEADER 00000nam0a2200000 4500
001 329742
005 20231102004206.0
035 |a (RuTPU)RU\TPU\book\355510 
090 |a 329742 
100 |a 20170320d1968 km y0rusy50 ca 
101 0 |a rus 
102 |a RU 
105 |a a z 001zy 
200 1 |a Буровзрывные работы на карьерах нерудной промышленности  |f Л. И. Глускин, П. Ф. Корсаков, А. А. Кожевников 
210 |a Москва  |c Недра  |d 1968 
215 |a 167 с.  |c ил. 
320 |a Библиогр.: с. 161-164 
606 1 |a Буровзрывные работы  |2 stltpush  |3 (RuTPU)RU\TPU\subj\30498  |9 53601 
606 1 |a Карьеры  |2 stltpush  |3 (RuTPU)RU\TPU\subj\13971  |9 40502 
610 1 |a нерудная промышленность 
610 1 |a бурение 
610 1 |a буровое оборудование 
610 1 |a дробление 
610 1 |a негабариты 
610 1 |a механизация 
610 1 |a зарядка 
610 1 |a забойка 
610 1 |a скважины 
610 1 |a взрывы 
610 1 |a проектирование 
675 |a 622.233  |v 4 
675 |a 622.271  |v 4 
700 1 |a Глускин  |b Л. И.  |g Лев Иосифович 
701 1 |a Корсаков  |b П. Ф.  |g Петр Федорович 
701 1 |a Кожевников  |b А. А.  |g Александр Александрович 
801 1 |a RU  |b 63413507  |c 20170320 
801 2 |a RU  |b 63413507  |c 20170322  |g RCR 
942 |c BK